000 00576nam a22001697a 4500
005 20251108165817.0
008 250721s1983 xx 000 0 ara d
082 1 4 _aم/212/سيو
100 1 _aالسيوطي، جلال الدين أبو الفضل عبد الرحمن بن أبي بكر ...
245 1 0 _aتفسير الدر المنثور في التفسير المأثور /
264 1 _aبيروت :
_bدار الفكر،
_c1983.
300 _a
650 1 7 _aالقرآن الكريم
650 1 7 _aتفسير القرآن
942 _2ddc
_cREF
999 _c31902
_d31902